Gaming Quiz

Random Gaming or Video Games Quiz

Which Video Game Is It? Quiz Stats

 Plays Quiz Updated Jul 17, 2016

Support Sporcle.
Go Orange.
Score 0/15 Timer 06:00
5 Plays Today
% Correct
A: Yes, that is Tetris
97.8%
B: Yes, that is Halo
91.8%
A: Yes, that is Ratchet and Clank
91.1%
B: Yes, that is Street Fighter II
90.2%
A: Yes, that is Metal Gear Solid
90%
A: Yes, that is World of Warcraft
87.9%
A: Yes, that is Doom
81.8%
B: Yes, that is Tekken 3
81.1%
% Correct
B: Yes, that is Super Ghouls 'n Ghosts
78.8%
B: Yes, that is Counter Strike
76.3%
B: Yes, that is Broken Sword II: The Smoking Mirror
75%
A: Yes, that is Burnout 3: Takedown
73.3%
B: Yes, that is Star Wars Knights of the Old Republic 2: The Sith Lords
64.4%
B: Yes, that is Medieval: Total War
64.1%
A: Yes, that is R.U.S.E.
60.3%

From the Vault

Skillful MLB Teammates

by lukemaltais

Sports 6m
This quiz is proof that it takes more than a couple all-stars to win a World Series.
Remove Ads.
Support Sporcle.
Get the best of Sporcle when you Go Orange. This ad-free experience offers more features, more stats, and more fun while also helping to support Sporcle. Thank you for becoming a member.

Show Comments

Extras

Top Quizzes Today


Score Distribution

Your Account Isn't Verified!

In order to create a playlist on Sporcle, you need to verify the email address you used during registration. Go to your Sporcle Settings to finish the process.

Report this User

Report this user for behavior that violates our Community Guidelines.

Details: